|
|
|
|
| LEADER |
02256nam a22003737a 4500 |
| 001 |
32875 |
| 003 |
BD-DhAAL |
| 005 |
20230118105043.0 |
| 008 |
180402t2016 bg a|||| b||| 001 0 ben d |
| 020 |
|
|
|a 9789847762920 (VOL. XIX)
|
| 020 |
|
|
|a 9789847763040 (Set)
|
| 040 |
|
|
|a BD-DhAAL
|c BD-DhAAL
|
| 041 |
|
|
|a ben
|
| 082 |
|
|
|a 891.4437
|2 23
|
| 100 |
|
|
|a ঠাকুর, রবীন্দ্রনাথ
|9 25298
|
| 245 |
|
|
|a রবীন্দ্র-রচনাবলী,
|n ঊনবিংশ খণ্ড /
|c রবীন্দ্রনাথ ঠাকুর, সৈয়দ আকরাম হোসেন সম্পাদিত.
|
| 246 |
|
|
|a Rabindra-Rachanabali
|
| 260 |
|
|
|a ঢাকা :
|b ঐতিহ্য,
|c c২০১৬, ২০২২.
|
| 300 |
|
|
|a ৬৩৭ পৃষ্ঠা :
|b চিত্র ;
|c ২৩ সে. মি.
|
| 362 |
|
|
|a ঊনবিংশ খণ্ড
|
| 504 |
|
|
|a গ্রন্থপঞ্জিগত নির্দেশিকা ও নির্ঘণ্ট অন্তর্ভুক্ত।
|
| 526 |
|
|
|a OCA, GenEd
|
| 541 |
|
|
|a Office of Co-Curricular Activities, Development Book Agency
|e 32875, 40616
|
| 600 |
|
|
|a Tagore, Rabindranath,
|x Fiction
|y 1861-1941.
|9 25293
|
| 600 |
|
|
|a ঠাকুর, রবীন্দ্রনাথ
|x রচনাবলী
|y ১৮৬১-১৯৪১.
|9 25294
|
| 700 |
|
|
|a হোসেন, সৈয়দ আকরাম
|9 25295
|
| 700 |
|
|
|a ফিরোজ, আবুল বাশার
|9 25296
|
| 700 |
|
|
|a আর্যু, অস্ট্রিক
|9 25297
|
| 852 |
|
|
|a Ayesha Abed Library
|c General Stacks
|
| 942 |
|
|
|2 ddc
|c BK
|
| 999 |
|
|
|c 39214
|d 39214
|
| 952 |
|
|
|0 0
|1 0
|2 ddc
|4 0
|6 891_443700000000000_TAG
|7 0
|9 63051
|a BRACUL
|b BRACUL
|c GEN
|d 2018-03-29
|e Office of Co-Curricular Activities
|g 616.67
|l 1
|m 1
|o 891.4437 TAG
|p 3010032875
|r 2020-03-05
|s 2018-05-07
|t 1
|v 616.67
|w 2018-03-29
|y BK
|
| 952 |
|
|
|0 0
|1 0
|2 ddc
|4 0
|6 891_443700000000000_TAG
|7 0
|9 63095
|a BRACUL
|b BRACUL
|c GEN
|d 2018-04-11
|e Oitijjhya
|g 616.67
|l 0
|o 891.4437 TAG
|p 3010032935
|r 2018-04-11
|t 2
|v 616.67
|w 2018-04-11
|y BK
|
| 952 |
|
|
|0 0
|1 0
|2 ddc
|4 0
|6 891_443700000000000_TAG
|7 0
|9 72693
|a SCL
|b SCL
|c GEN
|d 2023-01-05
|e Development Book Agency
|g 1200.00
|l 2
|o 891.4437 TAG
|p 3020040616
|r 2025-02-20
|s 2025-02-15
|t 3
|v 1200.00
|w 2023-01-05
|y BK
|